00976nam a22002415a 450000100040000000500170000400800410002102000350006202000300009704000180012705000140014508200080015910000210016724500940018825000220028226000420030430000420034650500060038852002870039452100180068152100180069965000170071758120230619094628.0120905s2013 nyu 000 0 eng  a9780688221140 (hardcover bdg.) a9780380709168 (pbk. bdg.) aDLCcDLCbeng aPZ7.C5792 aFic1 aCleary, Beverly.10aRamona and her father /cBeverly Cleary, Jacqueline Rogers ; [edited by] Barbara Lalicki. aReillustrated ed. aNew York, NY :bHarperCollins,c2013. a165, 15 pages billustrations c20 cm aO aRamona and Her Father is the fourth book in Beverly Cleary's popular Ramona Quimby series. In this humorous children's novel, Mr. Quimby loses his job and Ramona thinks up ways to earn money and help her family out. Published in 1977, Ramona and Her Father was a Newbery Honor Book. a840 bLexile aO bRaz-Plus aunemployment